01068cam a22002895a 45000010009000000050017000090080041000260100017000670200015000840200015000990350023001140400033001370820021001701000037001912450090002282460048003182600091003663000034004575040051004916500032005426500033005746510010006076530025006179420008006429990017006509520111006671280049320171216163659.0020604s2005 ii a frb 001 0 eng d a 2002283386 a0750674989 a8181475852 a(OCoLC)ocm49245816 aTXUbengcTXUdDLCdEG-ScBUE04a628.162bCHE2221 aCheremisinoff, Nicholas P.9659110aHandbook of water and wastewater treatment technologies /cNicholas P. Cheremisinoff.30aWater and wastewater treatment technologies aNew Delhi :bReed Elsevier India ;aWoburn :bButterworth-Heinemann / Elsevier,c2005. axii, 636 p. :bill. ;c26 cm. aIncludes bibliographical references and index. 7aWaterxPurification.2BUEsh 7aSewagexPurification.2BUEsh 2BUEsh bENGELCcDecember2017 2ddc c25714d25686 00102ddc4070aMAINbMAINc1STd2017-12-16ePurchasel0o628.162 CHEp000042658r2025-07-15 00:00:00yBB